Building sights /

Bibliographic Details
Other Authors: Rosenthal, Ruth, Toy, Maggie
Format: Book
Language:English
Published: London : Academy Editions : [1995]
Subjects:

MARC

Tag First Indicator Second Indicator Subfields
LEADER 00000cam a2200000ua 4500
001 in00001296439
005 20151004095611.0
008 951002s1995 enkace 000 0 eng d
020 |a 1854904213 
035 |a (OCoLC)33966095 
035 |9 AHA0861AM 
040 |a HLS  |c HLS  |d TXA  |d UtOrBLW 
043 |a n-us---  |a e------ 
049 |a TXAM 
050 4 |a NA680  |b .B85x 
090 |a NA680  |b .B85 1995 
245 0 0 |a Building sights /  |c edited by Ruth Rosenthal and Maggie Toy. 
264 1 |a London :  |b Academy Editions :  |c [1995] 
264 2 |a London :  |b Distributed to the trade in the U.S. by National Book Network Inc., 
264 4 |c ©1995 
300 |a 127 pages :  |b illustrations, plans, portraits ;  |c 32 cm. 
336 |a text  |b txt  |2 rdacontent 
337 |a unmediated  |b n  |2 rdamedia 
338 |a volume  |b nc  |2 rdacarrier 
500 |a "Based on the successful BBC TV series, Building Sights, this lavishly illustrated photographic record features a wide range of world famous buildings from the UK, Europe and the US."--dust jacket. 
650 0 |a Architecture  |z United States  |x History  |y 20th century. 
650 0 |a Architecture  |z Europe  |x History  |y 20th century. 
650 0 |a Architects  |z United States. 
650 0 |a Architects  |z Europe. 
700 1 |a Rosenthal, Ruth. 
700 1 |a Toy, Maggie. 
730 0 |a Building sights (Television program) 
999 |a MARS 
999 f f |s 07bb6291-2a41-37a2-b865-b1ab9ea9464d  |i b4072b0c-d25d-3aa0-83b8-8096c2000057  |t 0 
952 f f |p ric  |a Texas A&M University  |b Rellis Campus  |c Joint Library Facility  |d Remote Storage  |t 0  |e NA680 .B85 1995  |h Library of Congress classification  |i unmediated -- volume  |m A14820326261 
998 f f |a NA680 .B85 1995  |t 0  |l Remote Storage